000 00188nam a2200073Ia 4500
008 170617s9999 xx 000 0 und d
100 _aKhar & Nand Pratibha
245 0 _aPharmaceutical Dispencing
260 _bMumbai-Source
999 _c14976
_d14976